Manual of Laboratory Tests/ (Record no. 3186)
[ view plain ]
| 000 -LEADER | |
|---|---|
| fixed length control field | 00471nam a22001577a 4500 |
| 005 - DATE AND TIME OF LATEST TRANSACTION | |
| control field | 20250129084507.0 |
| 008 - FIXED-LENGTH DATA ELEMENTS--GENERAL INFORMATION | |
| fixed length control field | 250129b |||||||| |||| 00| 0 eng d |
| 020 ## - INTERNATIONAL STANDARD BOOK NUMBER | |
| International Standard Book Number | 9788185386249 |
| 050 ## - LIBRARY OF CONGRESS CALL NUMBER | |
| Classification number | RB37 |
| Item number | .C43 |
| 100 ## - MAIN ENTRY--PERSONAL NAME | |
| Personal name | Cella, June H. |
| 245 ## - TITLE STATEMENT | |
| Title | Manual of Laboratory Tests/ |
| Statement of responsibility, etc. | June H. Cella, Juanita Watson |
| 260 ## - PUBLICATION, DISTRIBUTION, ETC. | |
| Place of publication, distribution, etc. | Krishan Nagar, Delhi |
| Name of publisher, distributor, etc. | A.I.T.B.S. Publishers & Distributors |
| Date of publication, distribution, etc. | 2006 |
| 300 ## - PHYSICAL DESCRIPTION | |
| Extent | xix. 524p. |
| Dimensions | 22cm |
| 700 ## - ADDED ENTRY--PERSONAL NAME | |
| Personal name | Watson, Juanita |
| 942 ## - ADDED ENTRY ELEMENTS (KOHA) | |
| Source of classification or shelving scheme | Library of Congress Classification |
| Koha item type | Books |
| Suppress in OPAC | No |
| 999 ## - | |
| -- | 3186 |
| -- | 3186 |
| Withdrawn status | Lost status | Source of classification or shelving scheme | Damaged status | Not for loan | Collection | Home library | Current library | Shelving location | Date acquired | Total checkouts | Full call number | Barcode | Date last seen | Copy number | Price effective from | Koha item type |
|---|---|---|---|---|---|---|---|---|---|---|---|---|---|---|---|---|
| Library of Congress Classification | Non-fiction | Science Library (Miotso) | Science Library (Miotso) | General stacks | 01/29/2025 | RB37 .C43 CEL | SLM00002470 | 01/29/2025 | 1 | 01/29/2025 | Books | |||||
| Library of Congress Classification | Non-fiction | Science Library (Miotso) | Science Library (Miotso) | General stacks | 01/29/2025 | RB37 .C43 CEL | SLM00002471 | 01/29/2025 | 2 | 01/29/2025 | Books | |||||
| Library of Congress Classification | Non-fiction | Science Library (Miotso) | Science Library (Miotso) | General stacks | 01/29/2025 | RB37 .C43 CEL | SLM00002472 | 01/29/2025 | 3 | 01/29/2025 | Books |